First Names of Authors Quiz #3 - Statistics

General Stats
  • This quiz has been taken 91 times
  • The average score is 9 of 24
Answer Stats
First Name Last Name % Correct
Samuel Beckett
75%
Ray Bradbury
71%
Thomas Mann
68%
Jean-Paul Sartre
67%
Graham Greene
64%
Saul Bellow
58%
Pablo Neruda
57%
Gunter Grass
55%
John Green
52%
Thomas Stearns Eliot
49%
Kingsley / Martin Amis
40%
Chinua Achebe
37%
Italo Calvino
35%
Dave Eggers
33%
William Gaddis
23%
Christina Rosetti
19%
Roland Barthes
19%
Zadie Smith
19%
Raymond Carver
18%
Jeffrey Eugenides
17%
Louis-Ferdinand Celine
15%
Chimamanda Ngozi Adichie
11%
Donald Antrim
4%
Janet Finch
2%
No matching quizzes found
Score Distribution
Percent of People with Each Score
Percentile by Number Answered
Your Score History
You have not taken this quiz